| 000 | 00625nam a22002057a 4500 | ||
|---|---|---|---|
| 999 |
_c172490 _d172490 |
||
| 005 | 20200206112302.0 | ||
| 010 | _aENG-127657 | ||
| 020 |
_a9789353433284 _c579.00 |
||
| 035 | _aEN-111189 | ||
| 037 | _bDBAD/PUB | ||
| 082 | _a512.5 | ||
| 100 | _aJonson,Lee | ||
| 245 |
_aIntroduction to Liner Algebra/ _bby Lee Jonson,Dean Riess [and] Jimmy Arnold |
||
| 250 | _a5th. | ||
| 260 |
_aNoida _bPearson _c2019 |
||
| 270 |
_bNoida _a15th floor,Tower-B,World Trade Tower,plot no.1,Block-c,sector 16 _e201301 |
||
| 300 |
_avarious pages _b24cm(pbk) |
||
| 500 | _ainclude index | ||
| 942 |
_2ddc _cEN _h512.5 _mJOH |
||